Macromolecules
Bewaard in:
| Hoofdauteur: | |
|---|---|
| Formaat: | Boek |
| Taal: | Engels |
| Gepubliceerd in: |
Gordon and Breach,
1994
|
| Tags: |
Voeg label toe
Geen labels, Wees de eerste die dit record labelt!
|
MARC
| LEADER | 00000nam a22000007a 4500 | ||
|---|---|---|---|
| 008 | 210125b ||||| |||| 00| 0 eng d | ||
| 100 | |a KIRKWOOD, John Gamble. | ||
| 245 | |a Macromolecules | ||
| 250 | |c P.L. Auer. | ||
| 260 | |b Gordon and Breach, |c 1994 |h New York: |l QD381 .K63 | ||
| 500 | |a “John Gamble Kirkwood collected works”. | ||
| 942 | |a lcc |c BK |e j o ifatola |f 25/1/2021 | ||
| 952 | |0 0 |1 0 |2 lcc |4 0 |6 QD0381 K63 |7 0 |9 1756 |a HOL |b HOL |c QZ |d 2021-01-25 |l 0 |o QD381 .K63 |p 2021-0533 |r 2021-01-25 00:00:00 |w 2021-01-25 |y BK | ||
| 952 | |0 0 |1 0 |2 lcc |4 0 |6 QD0381 K63 |7 0 |9 1757 |a HOL |b HOL |c QZ |d 2021-01-25 |l 0 |o QD381 .K63 |p 2021-0534 |r 2021-01-25 00:00:00 |w 2021-01-25 |y BK | ||
| 952 | |0 0 |1 0 |2 lcc |4 0 |6 QD0381 K63 |7 0 |9 1758 |a HOL |b HOL |c QZ |d 2021-01-25 |l 0 |o QD381 .K63 |p 2021-0535 |r 2021-01-25 00:00:00 |w 2021-01-25 |y BK | ||
| 952 | |0 0 |1 0 |2 lcc |4 0 |6 QD0381 K63 |7 0 |9 1759 |a HOL |b HOL |c QZ |d 2021-01-25 |l 0 |o QD381 .K63 |p 2021-0536 |r 2021-01-25 00:00:00 |w 2021-01-25 |y BK | ||
| 952 | |0 0 |1 0 |2 lcc |4 0 |6 QD0381 K63 |7 0 |9 1760 |a HOL |b HOL |c QZ |d 2021-01-25 |l 0 |o QD381 .K63 |p 2021-0537 |r 2021-01-25 00:00:00 |w 2021-01-25 |y BK | ||
| 999 | |c 930 |d 930 | ||